<?xml version="1.0" encoding="UTF-8"?>
<record
    xmlns:xsi="http://www.w3.org/2001/XMLSchema-instance"
    xsi:schemaLocation="http://www.loc.gov/MARC21/slim http://www.loc.gov/standards/marcxml/schema/MARC21slim.xsd"
    xmlns="http://www.loc.gov/MARC21/slim">

  <leader>00671nam a22001937a 4500</leader>
  <controlfield tag="003">OSt</controlfield>
  <controlfield tag="005">20251029151029.0</controlfield>
  <controlfield tag="008">251029b        |||||||| |||| 00| 0 eng d</controlfield>
  <datafield tag="020" ind1=" " ind2=" ">
    <subfield code="a">9789953542287</subfield>
    <subfield code="c">&#x627;&#x647;&#x62F;&#x627;&#x621; </subfield>
  </datafield>
  <datafield tag="040" ind1=" " ind2=" ">
    <subfield code="c">.</subfield>
  </datafield>
  <datafield tag="082" ind1=" " ind2=" ">
    <subfield code="a">398.209536 E715 </subfield>
  </datafield>
  <datafield tag="100" ind1=" " ind2=" ">
    <subfield code="a">&#x639;&#x643;&#x627;&#x648;&#x64A; ,&#x631;&#x62D;&#x627;&#x628; </subfield>
  </datafield>
  <datafield tag="245" ind1=" " ind2=" ">
    <subfield code="a">&#x645;&#x644;&#x62D;&#x645;&#x629; &#x627;&#x644;&#x639;&#x631;&#x628; &#x633;&#x64A;&#x631;&#x629; &#x639;&#x646;&#x62A;&#x631;&#x629; &#x628;&#x646; &#x634;&#x62F;&#x627;&#x62F; : </subfield>
    <subfield code="b">&#x645;&#x639; &#x62F;&#x631;&#x627;&#x633;&#x629; &#x645;&#x642;&#x627;&#x631;&#x646;&#x629; &#x644;&#x644;&#x633;&#x64A;&#x631;&#x629; &#x641;&#x64A; &#x627;&#x644;&#x645;&#x644;&#x627;&#x62D;&#x645; &#x627;&#x644;&#x639;&#x627;&#x644;&#x645;&#x64A;&#x629;/</subfield>
    <subfield code="c">&#x631;&#x62D;&#x627;&#x628; &#x639;&#x643;&#x627;&#x648;&#x64A; </subfield>
  </datafield>
  <datafield tag="250" ind1=" " ind2=" ">
    <subfield code="a">&#x637; 1 </subfield>
  </datafield>
  <datafield tag="260" ind1=" " ind2=" ">
    <subfield code="b">&#x628;&#x64A;&#x631;&#x648;&#x62A; ,&#x62F;&#x627;&#x631; &#x627;&#x644;&#x62D;&#x631;&#x641; &#x627;&#x644;&#x639;&#x631;&#x628;&#x64A;</subfield>
  </datafield>
  <datafield tag="300" ind1=" " ind2=" ">
    <subfield code="a">432 &#x635; </subfield>
    <subfield code="c">24 &#x633;&#x645; </subfield>
  </datafield>
  <datafield tag="650" ind1=" " ind2=" ">
    <subfield code="z">&#x639;&#x646;&#x62A;&#x631;&#x629; &#x628;&#x646; &#x634;&#x62F;&#x627;&#x62F; &#x2014; &#x633;&#x64A;&#x631;&#x629; &#x634;&#x639;&#x628;&#x64A;&#x629;</subfield>
  </datafield>
  <datafield tag="942" ind1=" " ind2=" ">
    <subfield code="2">ddc</subfield>
    <subfield code="c">BK-AR</subfield>
    <subfield code="n">0</subfield>
  </datafield>
  <datafield tag="999" ind1=" " ind2=" ">
    <subfield code="c">8021</subfield>
    <subfield code="d">8021</subfield>
  </datafield>
  <datafield tag="952" ind1=" " ind2=" ">
    <subfield code="0">0</subfield>
    <subfield code="1">0</subfield>
    <subfield code="2">ddc</subfield>
    <subfield code="4">0</subfield>
    <subfield code="7">0</subfield>
    <subfield code="a">KHOBAR</subfield>
    <subfield code="b">KHOBAR</subfield>
    <subfield code="d">2025-10-29</subfield>
    <subfield code="l">0</subfield>
    <subfield code="o">398.209536 E715 </subfield>
    <subfield code="p">1000000027379</subfield>
    <subfield code="r">2025-10-29 15:10:59</subfield>
    <subfield code="w">2025-10-29</subfield>
    <subfield code="y">BK-AR</subfield>
  </datafield>
</record>
